000 00524nam a2200193Ia 4500
005 20250508154141.0
008 008 250505s9999 xx 000 0 eng d
037 _aTextual
040 _aFEDL
_beng
_cFEDL
041 _aeng
_2eng
084 _a370.1, GAR
_qFEDL
100 _aGarnett Maxwell
_984065
245 0 _aWorld we mean to make
260 _aLondon, UK
_bFaber and Faber Limited
300 _a264p.
650 _aEducation-Philosophy
942 _cTEXL
_h370.1, GAR
999 _c1348026
_d1348026